Fundamentals of Machine Elements/ (Record no. 12870)

MARC details
000 -LEADER
fixed length control field 01117nam a22003135a 4500
008 - FIXED-LENGTH DATA ELEMENTS--GENERAL INFORMATION
fixed length control field 090527s2005 maua|||frb||| 001 0 eng d
020 ## - INTERNATIONAL STANDARD BOOK NUMBER
International Standard Book Number 0071111425 (Paperback ed.)
020 ## - INTERNATIONAL STANDARD BOOK NUMBER
International Standard Book Number 9780071111423 (Paperback ed.)
040 ## - CATALOGING SOURCE
Original cataloging agency EG-ScBUE
Language of cataloging eng
Transcribing agency EG-ScBUE
082 04 - DEWEY DECIMAL CLASSIFICATION NUMBER
Classification number 621.815
Item number HAM
Edition number 22
100 1# - MAIN ENTRY--PERSONAL NAME
Personal name Hamrock, Bernard J.
9 (RLIN) 5429
245 ## - TITLE STATEMENT
Title Fundamentals of Machine Elements/
Statement of responsibility, etc Bernard J. Hamrock, Steven R. Schmid and Bo O. Jacobson
250 ## - EDITION STATEMENT
Edition statement 2nd ed.
260 ## - PUBLICATION, DISTRIBUTION, ETC. (IMPRINT)
Place of publication, distribution, etc Boston:
Name of publisher, distributor, etc McGraw-Hill,
Date of publication, distribution, etc 2005.
300 ## - PHYSICAL DESCRIPTION
Extent xxiv, 980 p.:
Other physical details ill.;
Dimensions 22 cm.
490 0# - Series Statement
Series statement McGraw-Hill Series in Mechanical Engineering
500 ## - GENERAL NOTE
General note Appendix :p. 941-967.
500 ## - GENERAL NOTE
General note Index : p. 969-980.
504 ## - BIBLIOGRAPHY, ETC. NOTE
Bibliography, etc Includes bibliographical references.
590 ## - LOCAL NOTE (RLIN)
Local note MENNA elemam
650 ## - SUBJECT ADDED ENTRY--TOPICAL TERM
Topical term or geographic name as entry element Machine design
9 (RLIN) 5430
Source of heading or term BUEsh
650 ## - SUBJECT ADDED ENTRY--TOPICAL TERM
Topical term or geographic name as entry element Mechanical movements
9 (RLIN) 5431
Source of heading or term BUEsh
651 ## - SUBJECT ADDED ENTRY--GEOGRAPHIC NAME
Source of heading or term BUEsh
653 ## - INDEX TERM--UNCONTROLLED
Resource For college Engineering, Mechanical
Arrived date list August2015
655 ## - INDEX TERM--GENRE/FORM
Genre/form data or focus term Machine Design- Year 2
Form subdivision
General subdivision Engineering
Chronological subdivision Semester 2. 2008/2009
700 1# - ADDED ENTRY--PERSONAL NAME
Personal name Schmid, Steven R.
9 (RLIN) 9175
700 1# - ADDED ENTRY--PERSONAL NAME
Personal name Jacobson, Bo O.
9 (RLIN) 9176
942 ## - ADDED ENTRY ELEMENTS (KOHA)
Item type Book - Borrowing
Call number prefix 621.815 HAM
Source of classification or shelving scheme Dewey Decimal Classification
Holdings
Withdrawn status Item status Source of classification or shelving scheme Materials specified (bound volume or other part) Damaged status Not for loan Vendor Home library Current library Shelving location Date acquired Source of acquisition Cost, normal purchase price Total Checkouts Total Renewals Full call number Barcode Date last seen Date last borrowed Cost, replacement price Koha item type
  Lost Dewey Decimal Classification Lost In Inventory_2005-2015/8/22       Central Library Central Library First floor 07/11/2015   180.00 16 64 621.815 HAM 000007259 29/04/2012 17/04/2012 225.00 Book - Borrowing
    Dewey Decimal Classification         Central Library Central Library First floor 07/11/2015 Purchase 180.00 39 120 621.815 HAM 000007254 15/07/2025 28/11/2016 225.00 NB - Book (Non borrowing)
    Dewey Decimal Classification         Central Library Central Library First floor 07/11/2015 Purchase 180.00 55 220 621.815 HAM 000007253 10/01/2026 01/10/2025 225.00 Book - Borrowing
  Lost Dewey Decimal Classification Lost In Inventory_2015-8-23     Baccah Central Library Central Library First floor 05/11/2009   180.00 12   621.815 HAM 000018876 23/11/2011 23/11/2011 225.00 Book - Borrowing
  Lost Dewey Decimal Classification Lost In Inventory_2005-2015/8/22     Baccah Central Library Central Library First floor 05/11/2009   180.00 9 33 621.815 HAM 000018877 13/11/2011 17/10/2011 225.00 Book - Borrowing
  Lost and Paid For Dewey Decimal Classification       Baccah Central Library Central Library First floor 05/11/2009   180.00 10 15 621.815 HAM 000018878 14/07/2011 30/03/2011 225.00 Book - Borrowing
    Dewey Decimal Classification       Baccah Central Library Central Library First floor 10/10/2010 Purchase 180.00 39 263 621.815 HAM 000025180 15/07/2025 22/05/2023 225.00 Book - Borrowing
    Dewey Decimal Classification       Baccah Central Library Central Library First floor 10/10/2010   180.00 40 162 621.815 HAM 000025157 15/07/2025 17/03/2024 225.00 Book - Borrowing
    Dewey Decimal Classification BOX04 Damaged   Baccah Central Library Central Library First floor 10/10/2010 Purchase 180.00 24 87 621.815 HAM 000025173 24/08/2016 23/03/2016 225.00 Book - Borrowing
    Dewey Decimal Classification BOX02 Damaged   Baccah Central Library Central Library First floor 13/11/2011   180.00 5   621.815 HAM 000007258 07/09/2017 16/03/2013 225.00 NB - Book (Non borrowing)